[Event "9th NATO Chess Championship"]
[Site "Portsmouth"]
[Date "1998.10.07"]
[Round "4"]
[White "Zill, Christoph"]
[Black "Kruml, (VS)."]
[Result "1-0"]
[WhiteElo "2194"]
[BlackElo "2116"]
[PlyCount "73"]
[EventDate "1998.10.??"]
[EventType "swiss"]
[EventRounds "7"]
[EventCountry "ENG"]
[SourceDate "2005.09.12"]

1. e4 d6 2. d4 e5 3. dxe5 dxe5 4. Qxd8+ Kxd8 5. Bc4 f6 6. Be3 Nd7 7. Nc3 c6 8.
O-O-O Kc7 9. a4 a5 10. f4 Bd6 11. g3 Nh6 12. h3 f5 13. Nf3 fxe4 14. Nxe4 Nf5
15. Bd2 Re8 16. fxe5 Nxe5 17. Nxd6 Nxd6 18. Nxe5 Rxe5 19. Bf4 Nxc4 20. Rhe1 Kb6
21. Bxe5 Nxe5 22. Rxe5 Bxh3 23. Rh1 Bg4 24. Rxh7 Rd8 25. b3 g6 26. Ree7 Rb8 27.
Kb2 Bf5 28. Rhg7 Ka6 29. Rc7 Kb6 30. c3 Ka6 31. b4 axb4 32. cxb4 Kb6 33. Kc3
Bb1 34. b5 Be4 35. Rce7 Bb1 36. Re1 Ba2 37. Rxg6 1-0

[Event "9th NATO Chess Championship"]
[Site "Portsmouth"]
[Date "1998.10.08"]
[Round "5"]
[White "Benedetti, Fabrizio"]
[Black "Engelen, Johan"]
[Result "1-0"]
[WhiteElo "2200"]
[BlackElo "1847"]
[PlyCount "67"]
[EventDate "1998.10.??"]
[EventType "swiss"]
[EventRounds "7"]
[EventCountry "ENG"]
[SourceDate "2005.09.12"]

1. e4 c5 2. Nf3 Nc6 3. d4 cxd4 4. Nxd4 Nf6 5. Nc3 e5 6. Ndb5 d6 7. a4 a6 8. Na3
Be7 9. Nc4 Nxe4 10. Nxe4 d5 11. Nxe5 dxe4 12. Nxc6 Qxd1+ 13. Kxd1 bxc6 14. Bc4
O-O 15. h3 Bb7 16. Be3 c5 17. Ke2 Rfd8 18. Rhd1 Kf8 19. Rxd8+ Rxd8 20. Ra3 f5
21. a5 g5 22. Rb3 Bc8 23. g3 h5 24. Rb6 f4 25. gxf4 gxf4 26. Bxf4 Bxh3 27. Bxa6
Ra8 28. Rb8+ Rxb8 29. Bxb8 Bg2 30. Bb7 c4 31. a6 Bf3+ 32. Kf1 Bc5 33. Bd6+ Bxd6
34. a7 1-0

[Event "9th NATO Chess Championship"]
[Site "Portsmouth"]
[Date "1998.10.08"]
[Round "5"]
[White "Brokenshire, Laurie"]
[Black "Nielsen, Jan Mose"]
[Result "0-1"]
[WhiteElo "1800"]
[BlackElo "2065"]
[PlyCount "78"]
[EventDate "1998.10.??"]
[EventType "swiss"]
[EventRounds "7"]
[EventCountry "ENG"]
[SourceDate "2005.09.12"]

1. e4 c5 2. Nf3 Nc6 3. d4 cxd4 4. Nxd4 e5 5. Nf3 f5 6. exf5 Nf6 7. c3 d5 8. Bb5
Bd6 9. Bg5 Qb6 10. Bxf6 gxf6 11. Qxd5 Bc5 12. Bxc6+ bxc6 13. Qd2 Bxf5 14. b4
Be7 15. O-O Rd8 16. Qe2 Bd3 17. Qd1 Bxf1 18. Qxf1 e4 19. Nd4 c5 20. bxc5 Bxc5
21. Nb3 Bxf2+ 22. Kh1 e3 23. Na3 Rd5 24. Nc4 Qc7 25. Qe2 Qf4 26. Nd4 Rg8 27.
Nf3 Qg4 28. Nxe3 Bxe3 29. Qxe3+ Kf7 30. g3 Qd7 31. Qe2 Re8 32. Qc2 Kg7 33. Nd4
Rde5 34. Qd2 Qb7+ 35. Kg1 Qb6 36. Rf1 Re2 37. Qf4 Rxa2 38. Kh1 Qb7+ 39. Kg1
Qg2# 0-1

[Event "9th NATO Chess Championship"]
[Site "Portsmouth"]
[Date "1998.10.08"]
[Round "5"]
[White "Cadiou, Jacques"]
[Black "Schmidt, (DEN)."]
[Result "1/2-1/2"]
[WhiteElo "1970"]
[BlackElo "2043"]
[PlyCount "133"]
[EventDate "1998.10.??"]
[EventType "swiss"]
[EventRounds "7"]
[EventCountry "ENG"]
[SourceDate "2005.09.12"]

1. d4 Nf6 2. c4 g6 3. Nc3 Bg7 4. e4 d6 5. Nf3 O-O 6. Be2 e5 7. d5 a5 8. g3 Na6
9. Nh4 Nc5 10. f3 Ne8 11. Ng2 f5 12. exf5 Bxf5 13. g4 Bd7 14. Qc2 c6 15. O-O
cxd5 16. cxd5 Rc8 17. a4 Nc7 18. Ne3 N7a6 19. Nc4 Nb4 20. Qd1 Qc7 21. Be3 Rf7
22. Kg2 Bf8 23. h3 Be7 24. Ra3 b6 25. Qb1 Qb7 26. Rd1 Bxa4 27. Nxa4 Nxa4 28.
Rxa4 Nxd5 29. Rxd5 Qxd5 30. Nxb6 Qb3 31. Nxc8 Qxa4 32. Nxe7+ Rxe7 33. Qe4 Qxe4
34. fxe4 Rb7 35. Bc4+ Kg7 36. b3 Kf6 37. Kf3 Ke7 38. Bd2 Ra7 39. Ke3 Kd7 40.
Kd3 Kc7 41. Be3 Ra8 42. Bd5 Rf8 43. Ke2 Rf6 44. g5 Rf8 45. h4 Re8 46. Kf3 Re7
47. Kg4 Rg7 48. h5 Re7 49. Bg8 Rg7 50. Bd5 Re7 51. hxg6 hxg6 52. Kf3 Rh7 53.
Ke2 Rh2+ 54. Kd3 Ra2 55. Bc1 a4 56. bxa4 Rxa4 57. Bf7 Kd8 58. Bxg6 d5 59. exd5
Rd4+ 60. Ke3 Rxd5 61. Ke4 Rd1 62. Be3 Re1 63. Bf5 Ke7 64. Kf3 Rf1+ 65. Kg4 Kf7
66. Bd3 Rd1 67. Bc4+ 1/2-1/2

[Event "9th NATO Chess Championship"]
[Site "Portsmouth"]
[Date "1998.10.08"]
[Round "5"]
[White "Charles, Freddy"]
[Black "Falbo, Sandro"]
[Result "0-1"]
[WhiteElo "1789"]
[BlackElo "2100"]
[PlyCount "54"]
[EventDate "1998.10.??"]
[EventType "swiss"]
[EventRounds "7"]
[EventCountry "ENG"]
[SourceDate "2005.09.12"]

1. d4 Nf6 2. Nf3 g6 3. e3 Bg7 4. Be2 O-O 5. O-O d6 6. c4 Nbd7 7. Nc3 e5 8. Qc2
c6 9. a4 a5 10. b3 Re8 11. Ba3 e4 12. Nd2 Qe7 13. Rfe1 Nf8 14. Bf1 Bf5 15. c5
d5 16. b4 axb4 17. Bxb4 h5 18. a5 Qc7 19. Na4 Ng4 20. g3 h4 21. Qb3 Ne6 22. Nb6
Ra7 23. a6 hxg3 24. hxg3 Nxd4 25. exd4 Bxd4 26. Kg2 Bxf2 27. Re2 e3 0-1

[Event "9th NATO Chess Championship"]
[Site "Portsmouth"]
[Date "1998.10.08"]
[Round "5"]
[White "Costales, Charles"]
[Black "Baudin, Frederic"]
[Result "1/2-1/2"]
[WhiteElo "1890"]
[BlackElo "2205"]
[PlyCount "109"]
[EventDate "1998.10.??"]
[EventType "swiss"]
[EventRounds "7"]
[EventCountry "ENG"]
[SourceDate "2005.09.12"]

1. d4 d5 2. Nf3 Nf6 3. g3 Bf5 4. Bg2 e6 5. Nbd2 h6 6. c4 c6 7. Qb3 Qb6 8. c5
Qxb3 9. axb3 Na6 10. O-O Be7 11. h3 O-O 12. Ne5 Rfe8 13. Nxc6 bxc6 14. Rxa6
Rec8 15. Nf3 Nd7 16. b4 g5 17. g4 Bc2 18. Bd2 Nb8 19. Ra3 f6 20. Rfa1 a5 21.
Ne1 Bg6 22. e3 Rc7 23. Bf1 Rca7 24. b5 cxb5 25. Bxb5 Bd8 26. b4 h5 27. Be2 hxg4
28. b5 gxh3 29. b6 h2+ 30. Kxh2 Rh7+ 31. Kg2 g4 32. Bxg4 Rg7 33. Kf1 Re7 34.
Bxa5 Nc6 35. Bc3 Nb8 36. Be2 Be8 37. Nc2 Rh7 38. Bd3 Rh1+ 39. Kg2 Rxa1 40. Rxa1
Bc6 41. Ba5 Be7 42. Rh1 Bf8 43. Rh7 Bg7 44. Rh1 Bb7 45. f3 Nc6 46. Ra1 Kf7 47.
Nb4 Nxb4 48. Bxb4 Bh6 49. Kf2 Bg7 50. Ra7 Ke8 51. e4 f5 52. Bc3 fxe4 53. fxe4
dxe4 54. Bc4 Kd7 55. Ra1 1/2-1/2

[Event "9th NATO Chess Championship"]
[Site "Portsmouth"]
[Date "1998.10.08"]
[Round "5"]
[White "De Cat, Ben"]
[Black "Hater, David"]
[Result "1/2-1/2"]
[WhiteElo "2075"]
[BlackElo "2050"]
[PlyCount "45"]
[EventDate "1998.10.??"]
[EventType "swiss"]
[EventRounds "7"]
[EventCountry "ENG"]
[SourceDate "2005.09.12"]

1. g4 d5 2. h3 g6 3. Bg2 Bg7 4. c4 c6 5. cxd5 cxd5 6. Nc3 e6 7. Nf3 Nf6 8. d4
Nc6 9. Bg5 h6 10. Bf4 g5 11. Be5 Nxe5 12. Nxe5 Nd7 13. Nf3 Qa5 14. Qb3 Qb6 15.
O-O Bxd4 16. Nxd4 Qxd4 17. e4 dxe4 18. Nb5 Qb6 19. Qb4 Nc5 20. Rac1 Nd3 21.
Rxc8+ Rxc8 22. Nd6+ Kd7 23. Qxb6 1/2-1/2

[Event "9th NATO Chess Championship"]
[Site "Portsmouth"]
[Date "1998.10.08"]
[Round "5"]
[White "Dunlop, Chris"]
[Black "Hamann, Carsten"]
[Result "1/2-1/2"]
[WhiteElo "1952"]
[BlackElo "2148"]
[PlyCount "97"]
[EventDate "1998.10.??"]
[EventType "swiss"]
[EventRounds "7"]
[EventCountry "ENG"]
[SourceDate "2005.09.12"]

1. e4 Nf6 2. e5 Nd5 3. c4 Nb6 4. c5 Nd5 5. Nc3 c6 6. Nxd5 cxd5 7. d4 b6 8. cxb6
Qxb6 9. Nf3 Nc6 10. a3 a5 11. Be2 e6 12. O-O Be7 13. Be3 Rb8 14. Rb1 Ba6 15.
Bd3 Bxd3 16. Qxd3 Qb5 17. Qxb5 Rxb5 18. b4 axb4 19. axb4 O-O 20. h3 Rfb8 21.
Rfc1 Rxb4 22. Rxb4 Rxb4 23. Ra1 Rb8 24. Ra6 Kf8 25. Kh2 Ke8 26. Ra4 h6 27. g4
d6 28. exd6 Bxd6+ 29. Kg2 Kd7 30. h4 Rb7 31. Ra8 Bb8 32. h5 f6 33. Ra4 Ra7 34.
Rxa7+ Bxa7 35. Kf1 Kd6 36. Ke2 Bb6 37. Kd3 Ba5 38. Bf4+ e5 39. dxe5+ fxe5 40.
Bg3 Ke6 41. Ke2 e4 42. Nh4 Ne5 43. Nf5 Nxg4 44. Nxg7+ Kf6 45. Ne8+ Kg5 46. f3
exf3+ 47. Kxf3 Bd2 48. Nc7 Nf6 49. Be5 1/2-1/2

[Event "9th NATO Chess Championship"]
[Site "Portsmouth"]
[Date "1998.10.08"]
[Round "5"]
[White "Foulds, Andrew"]
[Black "Nielsen, Finn"]
[Result "1/2-1/2"]
[WhiteElo "1760"]
[BlackElo "1931"]
[PlyCount "71"]
[EventDate "1998.10.??"]
[EventType "swiss"]
[EventRounds "7"]
[EventCountry "ENG"]
[SourceDate "2005.09.12"]

1. d4 d6 2. c4 Nf6 3. Nc3 Bf5 4. f3 c6 5. e4 Bg6 6. Bd3 e5 7. d5 Be7 8. Nge2
Nfd7 9. O-O Na6 10. Be3 Bg5 11. f4 exf4 12. Nxf4 Ne5 13. Be2 O-O 14. Qd2 Qe7
15. Kh1 Bxf4 16. Rxf4 f5 17. exf5 Rxf5 18. Raf1 Rxf4 19. Rxf4 Nc5 20. Bxc5 dxc5
21. Rf1 Re8 22. Rd1 Qh4 23. b3 h5 24. Rf1 Qd4 25. Rd1 cxd5 26. Nxd5 Qxd2 27.
Rxd2 Bf7 28. h3 Kh7 29. Nf4 g6 30. Kh2 Kg7 31. Nd5 Nc6 32. Bf3 Nd4 33. Kg3 Nxf3
34. Kxf3 Re1 35. Kf2 Re8 36. Kf3 1/2-1/2

[Event "9th NATO Chess Championship"]
[Site "Portsmouth"]
[Date "1998.10.08"]
[Round "5"]
[White "Geberl, Hans Walter"]
[Black "Kesmaecker, Philippe"]
[Result "0-1"]
[WhiteElo "2100"]
[BlackElo "2295"]
[PlyCount "78"]
[EventDate "1998.10.??"]
[EventType "swiss"]
[EventRounds "7"]
[EventCountry "ENG"]
[SourceDate "2005.09.12"]

1. d4 e6 2. c4 f5 3. g3 Nf6 4. Bg2 d5 5. Nf3 c6 6. O-O Bd6 7. Bf4 Bxf4 8. gxf4
O-O 9. e3 Ne4 10. Ne5 Rf6 11. c5 Rh6 12. f3 Nf6 13. Rf2 Nfd7 14. Nd3 b6 15. b4
a5 16. cxb6 Nxb6 17. Nd2 axb4 18. Nxb4 Qd6 19. Nd3 Ra3 20. Nb1 Ra8 21. Qb3 N8d7
22. Rc2 Nc4 23. Ne5 Ndxe5 24. fxe5 Qe7 25. Nd2 Ba6 26. Nxc4 Bxc4 27. Rxc4 dxc4
28. Qxc4 Qh4 29. Qxc6 Qxh2+ 30. Kf1 Rb8 31. f4 Rg6 32. Qc2 h5 33. Qf2 Rg3 34.
Bc6 Qh3+ 35. Bg2 Qg4 36. Bc6 Rb2 37. Qxb2 Rg1+ 38. Kf2 Qg3+ 39. Ke2 Rg2+ 0-1

[Event "9th NATO Chess Championship"]
[Site "Portsmouth"]
[Date "1998.10.08"]
[Round "5"]
[White "Gross"]
[Black "Ludden, Gert Jan"]
[Result "1-0"]
[WhiteElo "2340"]
[BlackElo "2224"]
[PlyCount "70"]
[EventDate "1998.10.??"]
[EventType "swiss"]
[EventRounds "7"]
[EventCountry "ENG"]
[SourceDate "2005.09.12"]

1. e4 c5 2. Nf3 Nc6 3. d4 cxd4 4. Nxd4 e5 5. Nb5 a6 6. Nd6+ Bxd6 7. Qxd6 Qf6 8.
Qd1 Qg6 9. Nc3 Nge7 10. Be3 d5 11. Nxd5 Nxd5 12. Qxd5 Be6 13. Qd2 Qxe4 14. f3
Qa4 15. Bd3 O-O 16. O-O f5 17. Rfd1 Rad8 18. b3 Qh4 19. Bg5 Qd4+ 20. Kh1 Rd7
21. Bc4 Bxc4 22. Qe1 Qxd1 23. Rxd1 Rxd1 24. Qxd1 Be6 25. h3 h6 26. Bc1 Rd8 27.
Qe1 Bf7 28. Bb2 f4 29. Qe4 g6 30. c4 Kh7 31. b4 Rd2 32. Bxe5 Nxe5 33. Qxe5 g5
34. Qc7 Kg6 35. Qxb7 Bxc4 1-0

[Event "9th NATO Chess Championship"]
[Site "Portsmouth"]
[Date "1998.10.08"]
[Round "5"]
[White "Grund"]
[Black "Maxia, Giuseppe"]
[Result "1-0"]
[WhiteElo "2345"]
[BlackElo "1900"]
[PlyCount "43"]
[EventDate "1998.10.??"]
[EventType "swiss"]
[EventRounds "7"]
[EventCountry "ENG"]
[SourceDate "2005.09.12"]

1. e4 c5 2. Nf3 e6 3. c3 d5 4. e5 Nc6 5. d4 Qb6 6. a3 Bd7 7. b4 c4 8. a4 a5 9.
b5 Na7 10. h4 f5 11. Nbd2 h5 12. Ng5 g6 13. Qf3 Nh6 14. Nh3 O-O-O 15. Nf4 Rg8
16. Rb1 Nxb5 17. axb5 a4 18. Be2 Re8 19. Bd1 Qa5 20. O-O Bxb5 21. Nxd5 Bc6 22.
Nxc4 1-0

[Event "9th NATO Chess Championship"]
[Site "Portsmouth"]
[Date "1998.10.08"]
[Round "5"]
[White "Hammond, Andrew JC"]
[Black "Van Zandwijk, Jan Peter"]
[Result "1/2-1/2"]
[WhiteElo "2280"]
[BlackElo "2048"]
[PlyCount "47"]
[EventDate "1998.10.??"]
[EventType "swiss"]
[EventRounds "7"]
[EventCountry "ENG"]
[SourceDate "2005.09.12"]

1. d4 f5 2. g3 Nf6 3. Bg2 e6 4. c4 Be7 5. Nh3 O-O 6. Nd2 d6 7. Nf3 Ne4 8. Nf4
c6 9. h4 Qe8 10. Be3 Bf6 11. Qc2 e5 12. dxe5 dxe5 13. Nd3 Nxg3 14. fxg3 e4 15.
Nd4 exd3 16. Qxd3 Qe5 17. O-O-O Na6 18. Bf4 Qe7 19. Rhe1 Nc5 20. Qa3 Ne4 21.
Qa5 Be6 22. Bxe4 fxe4 23. c5 Qf7 24. Bd6 1/2-1/2

[Event "9th NATO Chess Championship"]
[Site "Portsmouth"]
[Date "1998.10.08"]
[Round "5"]
[White "Horchner, Mark"]
[Black "McAleer, Jeffrey"]
[Result "1-0"]
[WhiteElo "2022"]
[BlackElo "1900"]
[PlyCount "63"]
[EventDate "1998.10.??"]
[EventType "swiss"]
[EventRounds "7"]
[EventCountry "ENG"]
[SourceDate "2005.09.12"]

1. e4 c5 2. f4 e6 3. Nf3 Nc6 4. Bb5 Nd4 5. Nxd4 cxd4 6. Be2 Nf6 7. d3 Qc7 8.
Bf3 d6 9. O-O Be7 10. Kh1 Bd7 11. Qe2 Bc6 12. c3 dxc3 13. Nxc3 O-O 14. Be3 Rfd8
15. d4 d5 16. e5 Ne4 17. Bxe4 dxe4 18. f5 exf5 19. Rxf5 g6 20. Rff1 Qd7 21. Bg1
Rac8 22. Qe3 Qg4 23. Rf4 Qg5 24. Nxe4 Bxe4 25. Raf1 Rc4 26. Rxf7 Rc1 27. Qxe4
Rxf1 28. Rxf1 Rf8 29. Rxf8+ Bxf8 30. Qf3 Bb4 31. Qxb7 Bd2 32. a3 1-0

[Event "9th NATO Chess Championship"]
[Site "Portsmouth"]
[Date "1998.10.08"]
[Round "5"]
[White "Kruml, (VS)."]
[Black "Schunke, (GER)."]
[Result "1-0"]
[WhiteElo "2116"]
[BlackElo "2035"]
[PlyCount "83"]
[EventDate "1998.10.??"]
[EventType "swiss"]
[EventRounds "7"]
[EventCountry "ENG"]
[SourceDate "2005.09.12"]

1. e4 e6 2. Qe2 c5 3. Nf3 Nc6 4. g3 g6 5. Bg2 Bg7 6. c3 Qc7 7. Na3 a6 8. Nc2
Nge7 9. O-O O-O 10. Re1 b6 11. h4 Bb7 12. d3 d5 13. h5 Rad8 14. h6 Bh8 15. e5
d4 16. c4 b5 17. b3 Rd7 18. Bf4 Nd8 19. Rec1 Qb6 20. a4 bxc4 21. bxc4 Nec6 22.
Rab1 Qa7 23. Qd2 f6 24. exf6 Bxf6 25. Re1 Rdf7 26. Re2 e5 27. Bg5 Be7 28. Bxe7
Rxe7 29. Ng5 Nb8 30. Ne4 Ne6 31. Qa5 Kh8 32. Qb6 Qxb6 33. Rxb6 Ba8 34. Ne1 Nc6
35. Rxa6 Nb4 36. Rb6 Bc6 37. Nxc5 Nxc5 38. Bxc6 Nxc6 39. Rxc6 Nxa4 40. Nf3 Nc3
41. Rxe5 Ref7 42. Ng5 1-0

[Event "9th NATO Chess Championship"]
[Site "Portsmouth"]
[Date "1998.10.08"]
[Round "5"]
[White "Lebel, Patrick"]
[Black "Hortillosa, Andres"]
[Result "0-1"]
[WhiteElo "2165"]
[BlackElo "1923"]
[PlyCount "94"]
[EventDate "1998.10.??"]
[EventType "swiss"]
[EventRounds "7"]
[EventCountry "ENG"]
[SourceDate "2005.09.12"]

1. Nf3 c5 2. b3 d6 3. Bb2 e5 4. d3 g6 5. g3 Bg7 6. Bg2 Nh6 7. c4 Nc6 8. Nc3 O-O
9. Qd2 a6 10. e3 Be6 11. O-O f5 12. Nd5 Nf7 13. Ne1 Rb8 14. f4 b5 15. Rb1 Qd7
16. Nc2 Rb7 17. Rfc1 Rfb8 18. cxb5 axb5 19. b4 Ra7 20. a3 Rd8 21. Na1 Ne7 22.
e4 fxe4 23. dxe4 Nxd5 24. exd5 Bf5 25. Nc2 c4 26. Ra1 Rc8 27. Ne3 Bd3 28. Bc3
Rca8 29. Qb2 Ra4 30. fxe5 Nxe5 31. Bd4 Rf8 32. Kh1 Bh6 33. Re1 Nf3 34. Red1
Nxd4 35. Qxd4 Bg7 36. Qh4 Bxa1 37. Rxa1 Qg7 38. Rg1 Rxa3 39. Ng4 g5 40. Qh5 Ra2
41. h4 Be2 42. hxg5 Bxg4 43. Qxg4 Rff2 44. Qc8+ Qf8 45. Qe6+ Qf7 46. Qc8+ Kg7
47. Qh3 Rxg2 0-1

[Event "9th NATO Chess Championship"]
[Site "Portsmouth"]
[Date "1998.10.08"]
[Round "5"]
[White "Molin, Fabio"]
[Black "Toll, Alec J"]
[Result "1-0"]
[WhiteElo "1800"]
[BlackElo "2100"]
[PlyCount "88"]
[EventDate "1998.10.??"]
[EventType "swiss"]
[EventRounds "7"]
[EventCountry "ENG"]
[SourceDate "2005.09.12"]

1. e4 Nc6 2. d4 d5 3. Nc3 dxe4 4. d5 Ne5 5. Nxe4 c6 6. Bf4 Qxd5 7. Qxd5 cxd5 8.
Bxe5 dxe4 9. Bb5+ Bd7 10. Bxd7+ Kxd7 11. O-O-O+ Ke6 12. Bc3 f5 13. Nh3 Kf7 14.
Rd7 Nf6 15. Rxb7 h6 16. Rd1 g5 17. Rd6 Bg7 18. Ra6 Rhd8 19. Raxa7 Rxa7 20. Rxa7
f4 21. Ra5 e3 22. fxe3 Nd5 23. Bxg7 Kxg7 24. exf4 Ne3 25. Nf2 g4 26. g3 h5 27.
Re5 Nf1 28. Rxe7+ Kg6 29. Nd3 Nxh2 30. Re6+ Kf7 31. Rh6 Nf1 32. Rxh5 Nxg3 33.
Rh4 Ne2+ 34. Kd2 Nxf4 35. Rxg4 Ne6 36. Kc3 Ke7 37. Ne5 Rd5 38. Nc4 Kf6 39. a4
Ke7 40. Re4 Kf6 41. a5 Nc7 42. b4 Rd1 43. Na3 Kf5 44. Rc4 Rd5 1-0

[Event "9th NATO Chess Championship"]
[Site "Portsmouth"]
[Date "1998.10.08"]
[Round "5"]
[White "Nielsen, K."]
[Black "McInnes, Neil"]
[Result "1-0"]
[WhiteElo "1925"]
[BlackElo "2205"]
[PlyCount "48"]
[EventDate "1998.10.??"]
[EventType "swiss"]
[EventRounds "7"]
[EventCountry "ENG"]
[SourceDate "2005.09.12"]

1. d4 d6 2. c4 g6 3. e4 Nf6 4. Bd3 Bg7 5. Ne2 c6 6. Nbc3 Na6 7. f3 e5 8. Be3
exd4 9. Nxd4 O-O 10. Qd2 Re8 11. O-O Qc7 12. a3 Nc5 13. Bc2 Be6 14. Nxe6 Nxe6
15. Qf2 Nd7 16. Rfd1 a5 17. f4 Nf6 18. h3 Nf8 19. Rd2 N8d7 20. Rad1 Re7 21.
Rxd6 Rae8 22. e5 Nxe5 23. fxe5 Rxe5 24. Bf4 Nd5 1-0

[Event "9th NATO Chess Championship"]
[Site "Portsmouth"]
[Date "1998.10.08"]
[Round "5"]
[White "Parnet, Arnaud"]
[Black "Geddis, Dick"]
[Result "1/2-1/2"]
[WhiteElo "1990"]
[BlackElo "1885"]
[PlyCount "99"]
[EventDate "1998.10.??"]
[EventType "swiss"]
[EventRounds "7"]
[EventCountry "ENG"]
[SourceDate "2005.09.12"]

1. c4 f5 2. d4 Nf6 3. Nc3 e6 4. g3 Be7 5. Bg2 d5 6. cxd5 exd5 7. Nf3 O-O 8. O-O
Nc6 9. Bf4 Ne4 10. Nb5 Nd6 11. Nxd6 Bxd6 12. Ne5 Ne7 13. Bg5 c6 14. Qb3 Qc7 15.
Bxe7 Qxe7 16. f4 Be6 17. e3 Bf7 18. Bf3 Rab8 19. Rac1 Qe8 20. Rf2 Kh8 21. Kg2
Rg8 22. Qd1 Rd8 23. Qd3 Bg6 24. a3 Bc7 25. b4 a6 26. Rfc2 Rd6 27. a4 Qe6 28. b5
axb5 29. axb5 Be8 30. bxc6 Bxc6 31. Qb3 g6 32. Kf2 Rgd8 33. Nxc6 bxc6 34. Qb7
R6d7 35. Qxc6 Qxc6 36. Rxc6 Ba5 37. Rc8 Rxc8 38. Rxc8+ Kg7 39. Rc2 Kf7 40. Ke2
Ke6 41. Rc6+ Rd6 42. Rc5 Bb6 43. Rb5 Bd8 44. Rb7 Be7 45. Rb5 Rd8 46. Kd3 Rd6
47. Bd1 Rd8 48. Bb3 Rd6 49. Rb7 Rd8 50. Ke2 1/2-1/2

[Event "9th NATO Chess Championship"]
[Site "Portsmouth"]
[Date "1998.10.08"]
[Round "5"]
[White "Plumanns, Dieter"]
[Black "Nielsen, Niels Kristian"]
[Result "1/2-1/2"]
[WhiteElo "2206"]
[BlackElo "1899"]
[PlyCount "83"]
[EventDate "1998.10.??"]
[EventType "swiss"]
[EventRounds "7"]
[EventCountry "ENG"]
[SourceDate "2005.09.12"]

1. d4 Nf6 2. c4 e6 3. Nc3 Bb4 4. a3 Bxc3+ 5. bxc3 b6 6. f3 d6 7. e4 Nbd7 8. a4
e5 9. Bd3 c5 10. Ne2 Nf8 11. O-O Ng6 12. Qc2 h5 13. Bg5 Qc7 14. Rae1 Nh7 15.
Bc1 f6 16. Ng3 Nhf8 17. f4 h4 18. Nf5 Ne6 19. fxe5 dxe5 20. Ne3 cxd4 21. Nd5
Qf7 22. Ba3 dxc3 23. Qxc3 Nc5 24. a5 O-O 25. axb6 Nxd3 26. Qxd3 Rd8 27. Rd1 Bb7
28. bxa7 Nf4 29. Rxf4 exf4 30. Bc5 Ba6 31. Qb3 Rxa7 32. Bb6 Rb8 33. c5 Rab7 34.
Qa4 Be2 35. Rc1 f3 36. Qa2 Rd7 37. Kf2 Bb5 38. gxf3 Bc6 39. Rd1 Re8 40. Rd2 Re5
41. Nb4 Rxd2+ 42. Qxd2 1/2-1/2

[Event "9th NATO Chess Championship"]
[Site "Portsmouth"]
[Date "1998.10.08"]
[Round "5"]
[White "Van Diermen, Henk"]
[Black "Cappon, Kaan"]
[Result "1/2-1/2"]
[WhiteElo "1760"]
[BlackElo "1690"]
[PlyCount "76"]
[EventDate "1998.10.??"]
[EventType "swiss"]
[EventRounds "7"]
[EventCountry "ENG"]
[SourceDate "2005.09.12"]

1. c4 Nf6 2. Nc3 g6 3. e4 d6 4. d4 Bg7 5. Be2 O-O 6. f4 c6 7. Nf3 Nbd7 8. e5
Ne8 9. Be3 Nc7 10. Qd2 f5 11. O-O-O d5 12. h3 e6 13. g4 h6 14. Rdg1 Kh7 15. h4
Rg8 16. Bd3 dxc4 17. Bxc4 Bf8 18. gxf5 gxf5 19. Rxg8 Kxg8 20. Qg2+ Bg7 21. Rg1
Qe7 22. h5 Nb6 23. Bb3 Nbd5 24. Nxd5 cxd5 25. Bf2 Ne8 26. Bh4 Qf7 27. Ba4 Bd7
28. Bxd7 Qxd7 29. Bf6 Rc8+ 30. Kb1 Qf7 31. Qg6 Qxg6 32. Rxg6 Kh7 33. Be7 Rc6
34. Ne1 Bh8 35. Bf8 Bg7 36. Bc5 b6 37. Be7 Bh8 38. Bf8 Bg7 1/2-1/2

[Event "9th NATO Chess Championship"]
[Site "Portsmouth"]
[Date "1998.10.08"]
[Round "5"]
[White "Vercauteren, Daniel"]
[Black "Stuhr, Finn"]
[Result "1-0"]
[WhiteElo "1760"]
[BlackElo "1690"]
[PlyCount "115"]
[EventDate "1998.10.??"]
[EventType "swiss"]
[EventRounds "7"]
[EventCountry "ENG"]
[SourceDate "2005.09.12"]

1. e4 e5 2. Nf3 Nc6 3. Bc4 Nf6 4. Ng5 d5 5. exd5 Na5 6. d3 Nxc4 7. dxc4 Bd6 8.
Nc3 O-O 9. O-O h6 10. Nge4 Be7 11. h3 Nxe4 12. Nxe4 f5 13. Nc3 Bg5 14. Qh5 Bd7
15. Bxg5 hxg5 16. Rfe1 Qf6 17. Re3 Rf7 18. Rf3 Qh6 19. Qxh6 gxh6 20. Re1 Re8
21. Rfe3 Rfe7 22. Kh2 f4 23. R3e2 a6 24. f3 h5 25. Ne4 Kg7 26. Nxg5 Kf6 27.
Ne4+ Kf5 28. d6 Re6 29. Rd2 Bc6 30. dxc7 Rc8 31. Nd6+ Rxd6 32. Rxd6 Rxc7 33. b3
e4 34. fxe4+ Bxe4 35. Re2 Rg7 36. Rf2 h4 37. Rd8 Rf7 38. a4 Ke5 39. c3 Kf5 40.
b4 Ke5 41. Re8+ Kf5 42. c5 Bc6 43. Rh8 Bxa4 44. Rxh4 Ke5 45. g3 f3 46. Rf4 Rxf4
47. gxf4+ Kxf4 48. h4 Bc6 49. h5 Kg5 50. Kg3 Kxh5 51. Rxf3 Bxf3 52. Kxf3 Kg5
53. Ke4 Kf6 54. Kd5 Ke7 55. Kc4 Kd7 56. b5 a5 57. Kb3 Kc7 58. Ka4 1-0

[Event "9th NATO Chess Championship"]
[Site "Portsmouth"]
[Date "1998.10.08"]
[Round "5"]
[White "Wagenaar, Harm Theo"]
[Black "Nielsen, Henrik"]
[Result "1/2-1/2"]
[WhiteElo "1877"]
[BlackElo "2095"]
[PlyCount "65"]
[EventDate "1998.10.??"]
[EventType "swiss"]
[EventRounds "7"]
[EventCountry "ENG"]
[SourceDate "2005.09.12"]

1. d4 d5 2. Nf3 Nf6 3. e3 e6 4. Bd3 Bd6 5. Nbd2 Nbd7 6. O-O c5 7. b3 O-O 8. Bb2
b6 9. Ne5 Bb7 10. Qf3 Qc7 11. Nxd7 Nxd7 12. Qh3 g6 13. c4 cxd4 14. exd4 dxc4
15. Nxc4 Be7 16. Ne3 Nf6 17. Bc4 Qf4 18. Rad1 Rfd8 19. Qg3 Nh5 20. Qxf4 Nxf4
21. f3 a6 22. Kf2 b5 23. Be2 Rd7 24. g3 Nxe2 25. Kxe2 Rc8 26. Rc1 Rdc7 27. Rxc7
Rxc7 28. Rc1 Rxc1 29. Bxc1 Kf8 30. Ng4 Ke8 31. Ne5 f6 32. Nd3 Bd5 33. Nf4
1/2-1/2

[Event "9th NATO Chess Championship"]
[Site "Portsmouth"]
[Date "1998.10.08"]
[Round "5"]
[White "Wantiez, Fabrice"]
[Black "Zill, Christoph"]
[Result "1/2-1/2"]
[WhiteElo "2299"]
[BlackElo "2194"]
[PlyCount "121"]
[EventDate "1998.10.??"]
[EventType "swiss"]
[EventRounds "7"]
[EventCountry "ENG"]
[SourceDate "2005.09.12"]

1. e4 c5 2. Nf3 Nc6 3. d4 cxd4 4. Nxd4 Nf6 5. Nc3 e5 6. Ndb5 d6 7. a4 a6 8. Na3
Be6 9. Bc4 Rc8 10. Bg5 Be7 11. O-O Nd4 12. Bxf6 Bxf6 13. Nd5 O-O 14. c3 Nc6 15.
Qd3 Bg5 16. Rad1 Kh8 17. Kh1 f5 18. Ne3 fxe4 19. Qxe4 Qe7 20. Bxe6 Qxe6 21.
Nac4 Rcd8 22. Qd5 Qf6 23. Kg1 Rf7 24. Nb6 Ne7 25. Qxb7 d5 26. Qxa6 d4 27. cxd4
exd4 28. Qb5 Rb8 29. Ned5 Nxd5 30. Nxd5 Rxb5 31. Nxf6 Rxb2 32. Ne4 Bf6 33. Nxf6
Rxf6 34. Rxd4 h6 35. f4 Ra2 36. f5 Ra6 37. Rff4 Rc6 38. h3 Ra6 39. Rd8+ Kh7 40.
Rd7 Ra1+ 41. Kh2 R1xa4 42. Rxa4 Rxa4 43. Rd3 Ra5 44. g4 h5 45. Kg3 hxg4 46.
hxg4 Ra6 47. Kf4 g6 48. Rd7+ Kg8 49. Ke5 gxf5 50. gxf5 Kf8 51. Kf4 Rb6 52. Kg5
Ra6 53. Rh7 Rb6 54. Rh8+ Kf7 55. Ra8 Ke7 56. Ra7+ Kf8 57. Kh5 Rc6 58. Rh7 Rf6
59. Kg5 Ra6 60. Rh6 Rxh6 61. Kxh6 1/2-1/2